000 00444nam a22001337a 4500
082 _a387.5091724
_bDEV
_cD
100 _aHansen, Harald.
_938404
245 _aThe developing countries and international shipping/
_bWorld bank staff working paper no 502
260 _aWashington DC:
_bThe world bank 1818 H Street, N.W,
_cc1981
300 _a148 p.;
_c24 cm.
526 _a0
_b0
_c0
_d387_509172400000000_DEV
650 _aMCE
_9379
942 _2ddc
_cBK
999 _c543040
_d543040